| 000 | 03093cam a2200481 i 4500 | ||
|---|---|---|---|
| 001 | 1446125323 | ||
| 003 | OCoLC | ||
| 005 | 20250929094443.0 | ||
| 006 | m o d | ||
| 007 | cr cnu---unuuu | ||
| 008 | 240714t20242024enk o 000 0 eng d | ||
| 020 |
_a1394306601 _qelectronic book |
||
| 020 |
_a1394306628 _qelectronic book |
||
| 020 |
_a9781394306602 _qelectronic book |
||
| 020 |
_a9781394306626 _qelectronic book |
||
| 020 |
_z1789451639 _qhardcover |
||
| 020 |
_z9781789451634 _qhardcover |
||
| 035 | _a(OCoLC)1446125323 | ||
| 040 |
_aYDX _beng _erda _cYDX _dYDX _dOCLCO _dDG1 _dUKAHL |
||
| 041 | _aeng | ||
| 050 | 4 |
_aRC78.7.U4 _bI56 2024 |
|
| 245 | 0 | 0 |
_aInnovative ultrasound imaging techniques : _bbiomedical applications / _ccoordinated by S. Lori Bridal |
| 264 | 1 |
_aLondon, UK : _bISTE Ltd ; _aHoboken NJ : _bJohn Wiley & Sons, Inc., _c2024 |
|
| 264 | 4 | _c©2024 | |
| 300 | _a1 online resource | ||
| 336 |
_atext _btxt _2rdacontent |
||
| 337 |
_acomputer _bc _2rdamedia |
||
| 338 |
_aonline resource _bcr _2rdacarrier |
||
| 340 |
_gpolychrome _2rdacc _0http://rdaregistry.info/termList/RDAColourContent/1003 |
||
| 490 | 1 | _aSciences. Image. Imagery in life sciences | |
| 506 | _aAvailable to OhioLINK libraries | ||
| 520 | _aThis book provides an understanding of ultrasound imaging principles and how the field is evolving to better probe living systems. Today, widely-used imaging systems visualize structures and blood flow within the body in real-time. Signal analysis, hardware and contrast agent innovations are extending the capacity of ultrasound to assess tissue elasticity, to enable three-dimensional viewing of moving structures and to detect vessels smaller than the wavelength-limited resolution. Techniques are also being designed so that we are less impeded by bones in the sound path, as well as to combine light and sound to detect optically-absorbent structures within the body. After an introductory chapter reviewing the key basic concepts, each chapter presents a detailed explanation focusing on a specific set of key principles and then shows the related techniques in each domain that are currently being refined to evaluate living systems in greater depth | ||
| 650 | 0 |
_aDiagnostic ultrasonic imaging. _0https://id.loc.gov/authorities/subjects/sh85037502 |
|
| 650 | 2 |
_aUltrasonography. _0https://id.nlm.nih.gov/mesh/D014463 _9117254 |
|
| 700 | 1 |
_aBridal, S. Lori, _eeditor |
|
| 710 | 2 |
_aOhio Library and Information Network. _0https://id.loc.gov/authorities/names/no95058981 |
|
| 776 | 0 | 8 |
_iPrint version: _z1789451639 _z9781789451634 _w(OCoLC)1442326737 |
| 830 | 0 | _aSciences. Image. Imagery in life sciences | |
| 856 | 4 | 0 |
_3OhioLINK _zConnect to resource _uhttps://rave.ohiolink.edu/ebooks/ebc2/9781394306626 |
| 856 | 4 | 0 |
_3Wiley Online Library _zConnect to resource _uhttps://onlinelibrary.wiley.com/doi/book/10.1002/9781394306626 |
| 856 | 4 | 0 |
_3Wiley Online Library _zConnect to resource (off-campus) _uhttps://go.ohiolink.edu/goto?url=https://onlinelibrary.wiley.com/doi/book/10.1002/9781394306626 |
| 999 |
_c200463817 _d82029 |
||